书目信息 |
| 题名: |
弹性流变力学
|
|
| 作者: | 蔡中林 , 黄临平 著 | |
| 分册: | ||
| 出版信息: | 北京 原子能出版社 2005.06 |
|
| 页数: | 246页 | |
| 开本: | 26cm | |
| 丛书名: | ||
| 单 册: | ||
| 中图分类: | O37 | |
| 科图分类: | ||
| 主题词: | 弹性力学--dan xing li xue--流变学 | |
| 电子资源: | ||
| ISBN: | 7-5022-3411-X | |
| 000 | 00949nam0 2200265 450 | |
| 001 | 012006147592 | |
| 005 | 20060802114345.00 | |
| 010 | @a7-5022-3411-X@dCNY50.00 | |
| 100 | @a20060802d2005 km y0chiy0120 ea | |
| 101 | 0 | @achi |
| 102 | @aCN@b110000 | |
| 105 | @aa a 000yy | |
| 106 | @ar | |
| 200 | 1 | @a弹性流变力学@Adan xing liu bian li xue@f蔡中林, 黄临平著@Fcai zhong lin,huang lin ping zhu |
| 210 | @a北京@c原子能出版社@d2005.06 | |
| 215 | @a246页@c图@d26cm | |
| 300 | @a东华理工学院重点学科建设资助计划 | |
| 320 | @a有书目 (第246页)。 | |
| 330 | @a本书全面系统地解析了弹性流变力学的基本概念、基本理论和基本方法,介绍了弹性流变问题各种解法,讨论了静力学弹性流变的平面和空间问题,并阐述了动力学弹性流变的弹性波问题。 | |
| 606 | 0 | @a弹性力学@Adan xing li xue@x流变学 |
| 690 | @aO37@v4 | |
| 701 | 0 | @a蔡中林@Acai zhong lin@4著 |
| 701 | 0 | @a黄临平@Ahuang lin ping@4著 |
| 801 | 0 | @aCN@bQSSK@c20060802 |
| 905 | @b599442-44@dO37@eC073 | |
| 弹性流变力学/蔡中林, 黄临平著.-北京:原子能出版社,2005.06 |
| 246页:图;26cm |
| 东华理工学院重点学科建设资助计划 |
| ISBN 7-5022-3411-X:CNY50.00 |
| 本书全面系统地解析了弹性流变力学的基本概念、基本理论和基本方法,介绍了弹性流变问题各种解法,讨论了静力学弹性流变的平面和空间问题,并阐述了动力学弹性流变的弹性波问题。 |
| ● |
| 相关链接 |
|
|
|
正题名:弹性流变力学
索取号:O37/C073
 
预约/预借
| 序号 | 登录号 | 条形码 | 馆藏地/架位号 | 状态 | 备注 |
| 1 | 599442 | 205994423 | 自科库401/401自科库 83排1列1层/ [索取号:O37/C073] | 在馆 | |
| 2 | 599443 | 205994432 | 自科库401/401自科库 83排1列1层/ [索取号:O37/C073] | 在馆 | |
| 3 | 599444 | 205994441 | 自科库401/401自科库 83排1列1层/ [索取号:O37/C073] | 在馆 |